| 000 | 00967cam a22002895a 4500 | ||
|---|---|---|---|
| 001 | 18168776 | ||
| 005 | 20201128021358.0 | ||
| 008 | 140529t2014 enka frb 001 0 eng d | ||
| 020 | _a9781292004150 | ||
| 040 |
_aDLC _beng _cDLC _dEG-ScBUE |
||
| 050 | 0 | 0 |
_aHD38.5 _b.H367 2014 |
| 082 | 0 | 4 |
_a658.5 _222 _bHAR |
| 100 | 1 |
_aHarrison, Alan, _d1944- _938433 |
|
| 245 | 1 | 0 |
_aLogistics management and strategy : _bcompeting through the supply chain / _cAlan Harrison, Remko van Hoek, Heather Skipworth. |
| 250 | _a5th ed. | ||
| 260 |
_aHarlow : _bPearson Education Limited, _cc.2014. |
||
| 300 |
_axxvii, 427 p. : _bill. ; _c24 cm. |
||
| 500 | _aIndex : p. 415-427. | ||
| 504 | _ainclude bibliographical references. | ||
| 650 | 7 |
_aBusiness logistics. _2BUEsh _931004 |
|
| 650 | 7 |
_aIndustrial management. _2BUEsh _91569 |
|
| 651 | _2BUEsh | ||
| 653 |
_bBUSADM _cJune2015 _cSeptember2015 |
||
| 700 | 1 | _aHoek, Remko I. van. | |
| 700 | 1 | _aSkipworth, Heather. | |
| 942 | _2ddc | ||
| 999 |
_c20017 _d19989 |
||